| 000 | 00697nam a2200205 a 4500 | ||
|---|---|---|---|
| 001 | 000206759 | ||
| 003 | AM-YeHGA | ||
| 005 | 20250617124050.0 | ||
| 008 | 990714s1976 ru |||||r|||||||||0|rus|d | ||
| 040 | _aAM-YeHGA | ||
| 041 | 0 | _arus | |
| 100 | 1 | _aКрасилов, Валентин Абрамович | |
| 245 | 1 | 0 |
_aЦагаянская флора Амурской области / _cВ.А. Красилов. |
| 260 |
_aМосква : _bНаука, _c1976. |
||
| 300 | _a92 с. | ||
| 550 | _aАН СССР. Дальневосточный научный центр. Биолого-почвенный ин-т | ||
| 650 | 1 | 4 | _aПалеоботаника |
| 942 |
_2udc _cBK |
||
| 090 | _c73030 | ||
| 999 |
_c71816 _d71816 |
||